Statistics for All Fnaf Games

Click here to take the quiz!

General Stats

  • This quiz has been taken 340 times
  • The average score is 9 of 10

Answer Stats

HintAnswer% Correct
SisterFive Nights At Freddy's: Sister Location
98%
OriginalFive Nights At Freddy's
97%
SecondFive Nights At Freddy's 2
97%
ThirdFive Nights At Freddy's 3
97%
FourthFive Nights At Freddy's 4
97%
WorldFnaf World
86%
UCNUltimate Custom Night
85%
PizzeriaFive Nights At Freddy's Pizzeria Simulator
81%
VRFive Nights At Freddy's VR Help Wanted
79%
ARFive Nights At Freddy's AR Special Delivery
58%

Score Distribution

Percentile by Number Answered

Percent of People with Each Score

Your Score History

You have not taken this quiz